Prophylaxie du cancer (Record no. 112314)

MARC details
000 -LEADER
campo de control de longitud fija 00556nam a2200169 i 4500
001 - NÚMERO DE CONTROL
campo de control 112314
003 - IDENTIFICADOR DE NÚMERO DE CONTROL
campo de control ES-MaACL
005 - FECHA Y HORA DE LA ÚLTIMA TRANSACCIÓN
campo de control 20230906185513.0
007 - CAMPO FIJO DE DESCRIPCIÓN FÍSICA--INFORMACIÓN GENERAL
campo de control de longitud fija t|
008 - DATOS DE LONGITUD FIJA--INFORMACIÓN GENERAL
campo de control de longitud fija 061121s1966 sz |||| | fre d
100 1# - ENTRADA PRINCIPAL--NOMBRE DE PERSONA
Nombre de persona Niehans, Paul.
9 (RLIN) 85629
245 10 - MENCIÓN DEL TÍTULO
Título Prophylaxie du cancer
Resto del título : conférence faite le 22 avril 1966 áa l'académie Pontificale des Sciences áa Rome /
Mención de responsabilidad, etc. Paul Niehans.
260 ## - PUBLICACIÓN, DISTRIBUCIÓN, ETC.
Lugar de publicación, distribución, etc. Berne :
Nombre del editor, distribuidor, etc. [s. n.],
Fecha de publicación, distribución, etc. [1966?] (
Fabricante Tip. Stömpfli)
300 ## - DESCRIPCIÓN FÍSICA
Extensión 18 p. ;
Dimensiones 20 cm.
650 04 - PUNTO DE ACCESO ADICIONAL DE MATERIA--TÉRMINO DE MATERIA
Término de materia o nombre geográfico como elemento de entrada Cáncer-
Subdivisión general Prevención.
9 (RLIN) 10720
852 ## - LOCALIZACIÓN
Ubicación ES-MaACL
Número de control de estantería 2058-F-23
Holdings
Estatus retirado Estado de pérdida Estado de daño No para préstamo Colección Biblioteca de origen Biblioteca actual Ubicación en estantería Fecha de adquisición Fuente de adquisición Total de préstamos Signatura topográfica completa Código de barras Visto por última vez Precio de reemplazo Tipo de ítem Koha
        Colección de folletos Biblioteca del Ateneo de Madrid Biblioteca del Ateneo de Madrid Depósito folletos 17/01/2008     2058-F-23 1117161 23/02/2023 23/02/2023 Folleto